Study guide and Lotus templates for use with Production & operations management, sixth edition, Chase/Aquilano

Guardado en:
Detalles Bibliográficos
Otros Autores: Singhal, Kalyan, Pope, Joseph D.
Formato: Libro
Publicado: Homewood, Ill. : Irwin, c1992.
Edición:6th ed.
Materias:
Etiquetas: Agregar Etiqueta
Sin Etiquetas, Sea el primero en etiquetar este registro!

MARC

LEADER 00000nam a22000007a 4500
020 |a 0256113122  |c TZS 30,000/= 
040 |a MUL  |b eng  |e AACR 
082 |a 658.5 CHA 
245 |a  Study guide and Lotus templates for use with Production & operations management, sixth edition, Chase/Aquilano  |c / Kalyan Singhal, Joseph D. Pope 
250 |a 6th ed. 
260 |a Homewood, Ill. :  |b Irwin,   |c c1992. 
300 |a  v, 297 p. ;  |c 29 cm. 
546 |a eng 
650 |a Manufacturing 
650 |a Quality management 
700 |a Singhal, Kalyan  
700 |a Pope, Joseph D.  
942 |c BK 
999 |c 5654  |d 5654